[Event "TCh-ISR"]
[Site "Israel ISR"]
[Date "2010.02.05"]
[Round "3"]
[White "Zifroni,D"]
[Black "Komarov,Di"]
[Result "1/2-1/2"]
[WhiteElo "2472"]
[BlackElo "2523"]

1.Nf3 d5 2.c4 c6 3.e3 Nf6 4.Nc3 e6 5.d4 Nbd7 6.Qc2 Bd6 7.Bd3 O-O 8.O-O dxc4
9.Bxc4 a6 10.a4 c5 11.dxc5 Nxc5 12.Bd2 b6 13.b4 Ncd7 14.Ne4 Be7 15.Nxf6+ Bxf6
16.Rac1 Bb7 17.e4 Qe7 18.Qb1 Ne5 19.Be2 Nxf3+ 20.Bxf3 Bd4 21.Bc3 Rfd8 22.Qb2 e5
23.Rfd1 Rac8 24.Bxd4 Rxc1 25.Qxc1 exd4 26.Qc4 Qe5 27.Qd3 g6 28.g3 Qe7  1/2-1/2

[Event "Open A"]
[Site "Moscow RUS"]
[Date "2010.02.05"]
[Round "7"]
[White "Gasanov,E"]
[Black "Grachev,B"]
[Result "1/2-1/2"]
[WhiteElo "2536"]
[BlackElo "2653"]

1.d4 d5 2.c4 c6 3.Nc3 Nf6 4.e3 e6 5.Nf3 Nbd7 6.Qc2 Bd6 7.Bd3 dxc4 8.Bxc4 b5
9.Be2 Bb7 10.O-O O-O 11.Rd1 Qb8 12.e4 e5 13.dxe5 Nxe5 14.Nd4 Ned7 15.g3 g6
16.f4 b4 17.e5 bxc3 18.exd6 Qxd6 19.Bf3 cxb2 20.Bxb2 Nd5 21.Rac1 Rfc8 22.Nb3 Qb4
23.Ba1 Re8 24.Qb2 f6 25.Na5 Qxa5 26.Qxb7 N7b6 27.Bg4 Qxa2 28.Qxc6 Ne3 29.Re1 Qf7
30.Bh3 Nbd5 31.Bd4 Rad8 32.Qc5 Nf5 33.Bf2 Rxe1+  1/2-1/2

[Event "Bundesliga 2009-10"]
[Site "Remagen GER"]
[Date "2010.02.05"]
[Round "7"]
[White "Goloshchapov,A"]
[Black "Buhmann,R"]
[Result "1/2-1/2"]
[WhiteElo "2580"]
[BlackElo "2603"]

1.d4 d5 2.c4 c6 3.Nc3 Nf6 4.e3 e6 5.Nf3 a6 6.Qc2 c5 7.dxc5 Bxc5 8.a3 dxc4
9.Bxc4 Nbd7 10.b4 Be7 11.Bb2 b5 12.Be2 Bb7 13.O-O O-O 14.a4 bxa4 15.Qxa4 Qb6
16.b5 Nc5 17.Qa5 Qxa5 18.Rxa5 axb5 19.Rxa8 Rxa8 20.Bxb5 Nd5 21.Bc4 Nxc3 22.Bxc3 Ne4
23.Bd4 Rc8 24.Be2 f6 25.Ra1 e5 26.Bb6 Rc2 27.Bd3 Rb2 28.Rb1 Rxb1+ 29.Bxb1 Bb4
30.Nh4 Nd6 31.f4 Nc8 32.Bc7 Bc5 33.fxe5 Bxe3+ 34.Kh1 Bf4 35.Nf3 Bxf3 36.gxf3 Bxe5
37.Ba5 g6 38.Bd2 Kg7 39.Kg2 Ne7 40.Be4 f5 41.Bb7 Ng8 42.Bg5 Bf6 43.Bd2 g5
44.Bb4 Be5 45.Bc8 Kg6 46.Be6 Nf6 47.Bd2 Nh5 48.Bd7 Nf6 49.Be6 h5 50.h3 h4
51.Bc1 Nh5 52.Bd7 Ng3 53.Bb5 Kf6 54.Bd2 Bd4 55.f4 gxf4 56.Be1 Be5  1/2-1/2

[Event "Open A"]
[Site "Moscow RUS"]
[Date "2010.02.06"]
[Round "8"]
[White "Grachev,B"]
[Black "Kharitonov,Alexandr"]
[Result "1/2-1/2"]
[WhiteElo "2653"]
[BlackElo "2538"]

1.c4 c6 2.d4 d5 3.e3 Nf6 4.Nc3 e6 5.Nf3 Nbd7 6.Bd3 dxc4 7.Bxc4 b5 8.Bd3 Bd6
9.O-O O-O 10.e4 e5 11.Bg5 exd4 12.Nxd4 Ne5 13.Bc2 Bg4 14.Qc1 Bc7 15.Nf5 b4
16.Na4 Bxf5 17.exf5 Qd6 18.Bf4  1/2-1/2

[Event "TCh-NED 2009-10"]
[Site "Netherlands NED"]
[Date "2010.02.06"]
[Round "6"]
[White "Janssen,Ru"]
[Black "Wagenaar,R"]
[Result "1-0"]
[WhiteElo "2520"]
[BlackElo "2172"]

1.d4 d5 2.c4 c6 3.Nc3 Nf6 4.e3 e6 5.Nf3 Nbd7 6.Qc2 Bd6 7.Be2 O-O 8.O-O dxc4
9.Bxc4 a6 10.a4 c5 11.dxc5 Bxc5 12.e4 Qc7 13.Qe2 Bd6 14.Ba2 b5 15.axb5 Ne5
16.Nxe5 Bxe5 17.Bc4 a5 18.h3 Bb7 19.Bd3 Rfd8 20.Ra3 Bd4 21.Kh1 e5 22.Bg5 Qd6
23.Bc4 h6 24.Bxf6 Qxf6 25.Nd5 Bxd5 26.Bxd5 Ra7 27.Rf3 Qg5 28.Rf5 Qg6 29.Qf3 Rdd7
30.Rc1 Rac7 31.Rc6 Rxc6 32.bxc6 Ra7 33.Rxf7 Kh7 34.c7  1-0

[Event "TCh-NED 2009-10"]
[Site "Netherlands NED"]
[Date "2010.02.06"]
[Round "6"]
[White "Vandevoort,P"]
[Black "Kleijn,C"]
[Result "0-1"]
[WhiteElo "2357"]
[BlackElo "2386"]

1.d4 d5 2.c4 c6 3.Nc3 Nf6 4.e3 e6 5.Nf3 Nbd7 6.Qc2 Bd6 7.g4 h6 8.Rg1 dxc4
9.Bxc4 b5 10.Be2 Bb7 11.h4 b4 12.Na4 c5 13.Nxc5 Bxc5 14.dxc5 Rc8 15.g5 hxg5
16.hxg5 Ne4 17.g6 Qf6 18.gxf7+ Ke7 19.Qc4 Ne5 20.Qxb4 Bc6 21.Nxe5 Qxf2+ 22.Kd1 Rhd8+
23.Bd3 Rxd3+ 24.Nxd3 Nc3+  0-1

[Event "15th HIT Open A"]
[Site "Nova Gorica SLO"]
[Date "2010.02.06"]
[Round "9"]
[White "Gombac,Jan"]
[Black "Povse,M"]
[Result "1-0"]
[WhiteElo "2310"]
[BlackElo "2104"]

1.d4 Nf6 2.Nf3 e6 3.c4 d5 4.Nc3 c6 5.e3 Bd6 6.Bd3 Nbd7 7.e4 dxe4 8.Nxe4 Nxe4
9.Bxe4 Nf6 10.Bc2 Qc7 11.O-O b6 12.Qe2 Bb7 13.Be3 O-O-O 14.c5 Bf4 15.b4 Nd5
16.Be4 Bxe3 17.fxe3 f6 18.Bxd5 exd5 19.a4 Qe7 20.Rfc1 Kb8 21.cxb6 axb6 22.a5 Rd6
23.axb6 Qd8 24.Nd2 Qxb6 25.Nb3 Re8 26.Nc5 Re7 27.Qf2 Bc8 28.Qg3 Kc7 29.b5 Qb8
30.bxc6 Qb6 31.Nb7 Bxb7 32.cxb7+ Kb8 33.Rcb1  1-0

[Event "Georgi Tringov Mem"]
[Site "Plovdiv BUL"]
[Date "2010.02.06"]
[Round "9"]
[White "Georgiev,Vl"]
[Black "Badev,K"]
[Result "1-0"]
[WhiteElo "2583"]
[BlackElo "2369"]

1.d4 d5 2.c4 c6 3.Nf3 Nf6 4.Nc3 e6 5.e3 Be7 6.Bd3 Nbd7 7.O-O O-O 8.Qe2 c5
9.Rd1 cxd4 10.exd4 dxc4 11.Bxc4 Nb6 12.Bb3 Nbd5 13.Ne5 Bd7 14.Rd3 Bc6 15.Rg3 Re8
16.Bh6 Bf8 17.Re1 Nxc3 18.bxc3 Ne4 19.Rh3 Nd6 20.Bf4 Bd5 21.c4 Bc6 22.c5 Qf6
23.Qd2 Ne4 24.Qe3 g5 25.Bg3 Nxg3 26.Rxg3 h6 27.f4 Qg7 28.fxg5  1-0

[Event "Georgi Tringov Mem"]
[Site "Plovdiv BUL"]
[Date "2010.02.06"]
[Round "9"]
[White "Rusev,K"]
[Black "Nikolov,Sas"]
[Result "1-0"]
[WhiteElo "2547"]
[BlackElo "2403"]

1.d4 d5 2.c4 e6 3.Nf3 c6 4.e3 Nf6 5.Nc3 Nbd7 6.Qc2 Be7 7.Bd3 O-O 8.O-O dxc4
9.Bxc4 b5 10.Bd3 Bb7 11.e4 b4 12.Na4 g6 13.Bh6 Re8 14.Rad1 Qa5 15.Rfe1 Rac8
16.b3 Ba6 17.Bxa6 Qxa6 18.h3 c5 19.d5 exd5 20.e5 Nh5 21.Rxd5 Qe6 22.Red1 Nb6
23.Nxb6 axb6 24.Ng5 Qf5 25.Ne4 Nf4 26.Bxf4 Qxf4 27.Nd6 Bxd6 28.exd6 Rcd8
29.d7 Re7 30.Qd3 Qc7 31.h4 h5 32.Rd6 Kg7 33.Qd5 b5 34.g3 c4 35.Qxb5 c3 36.Qxb4 c2
37.Qd4+ Kg8 38.Rc1 Rdxd7 39.Rxd7 Rxd7 40.Rxc2  1-0

[Event "Open A"]
[Site "Moscow RUS"]
[Date "2010.02.07"]
[Round "9"]
[White "Shinkevich,V"]
[Black "Grachev,B"]
[Result "1/2-1/2"]
[WhiteElo "2501"]
[BlackElo "2653"]

1.d4 d5 2.c4 c6 3.Nf3 Nf6 4.Nc3 e6 5.e3 Nbd7 6.Qc2 Bd6 7.Bd3 dxc4 8.Bxc4 O-O
9.O-O a6 10.Bd2 c5 11.dxc5 Nxc5 12.e4 b5 13.Bxb5 axb5 14.e5 Ba6 15.b4 Na4
16.exd6 Qxd6 17.Ne4 Qd5 18.Nfg5 Nxe4 19.Qxe4 Qxe4 20.Nxe4 Rfd8 21.Be3 Bb7
22.Nc5 Bd5 23.a3 Nc3 24.f3 Na2 25.a4 Nxb4 26.Bf2 bxa4 27.Rxa4 Rxa4 28.Nxa4 h5
29.h4 Ra8 30.Nc3 Rc8 31.Ne2 Rc4 32.Rc1 Rxc1+ 33.Nxc1 Bc4 34.Bc5 Nd5 35.Kf2 f6
36.g3 Kf7 37.Ba3 e5 38.Ne2 Bxe2 39.Kxe2 Ke6 40.Kd3 Ne7 41.Bc5 Nf5 42.Bf2 g6
43.Ke4 Nd6+ 44.Kd3 Kd5 45.Bb6 Nf5 46.Bf2 Nd4 47.Ke3 f5 48.Bg1 f4+ 49.gxf4 Nf5+
50.Ke2 exf4 51.Bb6 Nxh4 52.Bc7 Ke6 53.Bxf4 Kf5 54.Bc7 Ng2 55.Kf2 Nf4 56.Kg3 Ne2+
57.Kf2 Nd4 58.Kg3 Ne6 59.Bd6 Ng5 60.Bc7 Nf7 61.Bb8 Ke6 62.Bc7 Kd5 63.Bb8 Kd4
64.Bc7 Ke3 65.Bb8 Ke2 66.Bf4 Nd8 67.Be5 Ne6 68.Bf6 Ke3 69.Be7 Kd3 70.Kf2 Nd4
71.Bf6 Ne2 72.Be7 Nc3 73.Bg5 Nd1+ 74.Ke1 Ne3 75.Kf2 Nf5 76.Bf6 Kc4 77.Bg5 Kd5
78.Bf6 Ke6 79.Bd8 Ne7 80.Kg3 Kd7 81.Bb6 Nd5 82.Ba5 Ke6 83.Bd2 Kf5 84.Kh4 Nf4
85.Kg3 Ne2+ 86.Kf2 Nd4 87.Be3 Nc6 88.Kg3 Ne5 89.Bc5 Nd3 90.Bd6 g5 91.Bc7 Nc5
92.Kh3 Ne6 93.Bd6 Nd8 94.Kg3 Nf7 95.Bc7 Ne5 96.Bd6 Nc4 97.Bc7 Ne3 98.Kf2 Nd5
99.Bd6 Nf4 100.Kg3 Ng6 101.Bc7 Ne7 102.Kh3 Ng8 103.Kg3 Nh6 104.Kh3 Kg6 105.Bd6 Ng8
106.Bc7 Ne7 107.Kg3 Kf5 108.Kh3 Nd5 109.Bd6 Ne3 110.Bc7 h4 111.f4 g4+ 112.Kxh4 Nd5
113.Bb8 Nxf4 114.Kg3 Ne2+ 115.Kf2 g3+ 116.Bxg3 Nxg3 117.Kxg3  1/2-1/2

[Event "FSGM February"]
[Site "Budapest HUN"]
[Date "2010.02.10"]
[Round "5"]
[White "Sahu,Se"]
[Black "Yu Lie"]
[Result "0-1"]
[WhiteElo "2258"]
[BlackElo "2359"]

1.c4 Nf6 2.Nf3 e6 3.d4 d5 4.Nc3 c6 5.e3 Nbd7 6.Qc2 Bd6 7.Bd3 O-O 8.O-O dxc4
9.Bxc4 b5 10.Bd3 Bb7 11.Bd2 a6 12.Ne4 Nxe4 13.Bxe4 Nf6 14.Bd3 c5 15.dxc5 Bxc5
16.Bc3 Rc8 17.Rfd1 Qe7 18.Qb1 h6 19.b4 Bd6 20.Qb2 Bxf3 21.gxf3 Nd5 22.Bxg7 Qg5+
23.Kh1 Qh5 24.Kg2 f6 25.Bxf8 Be5 26.Qxe5 Qxe5 27.Bc5 Kf7 28.Be4 Rg8+ 29.Kf1 Qxh2
30.Bxd5 exd5 31.Ke2 Qe5 32.Rd4 Rg2 33.Rad1 Qh2 34.Rf1 Ke6 35.e4 dxe4 36.Rxe4+ Kf5
37.Rd1 Rg1 38.Rd5+ Kg6 39.Be3 Qh1 40.Bd2 Ra1 41.Rg4+ Kf7 42.Rd6 Qd1+ 43.Ke3 Rxa2
44.Rd7+ Ke6 45.Rgd4 Ra3+  0-1

[Event "TCh-Eur Seniors"]
[Site "Dresden GER"]
[Date "2010.02.10"]
[Round "1"]
[White "Lahti,J"]
[Black "Limberg,S"]
[Result "0-1"]
[WhiteElo "2020"]
[BlackElo "2152"]

1.d4 d5 2.c4 e6 3.Nc3 c6 4.e3 Nf6 5.Nf3 Bd6 6.Bd3 Nbd7 7.O-O O-O 8.Re1 dxc4
9.Bxc4 e5 10.Qc2 Qe7 11.b3 e4 12.Nd2 Re8 13.Be2 Nb6 14.Bb2 Bd7 15.Rac1 Rad8
16.Nc4 Nxc4 17.bxc4 Ng4 18.Bxg4 Bxg4 19.Ne2 Qh4 20.Ng3 Re6 21.h3 Bxh3 22.gxh3 Qxh3
23.d5 cxd5 24.cxd5 Rg6 25.Re2 f5 26.Qd2 h5 27.Rc2 h4 28.Qe1 hxg3 29.fxg3 Bxg3  0-1

[Event "TCh-Eur Seniors"]
[Site "Dresden GER"]
[Date "2010.02.10"]
[Round "1"]
[White "Sandklef,A"]
[Black "Nautsch,W"]
[Result "1-0"]
[WhiteElo "2009"]
[BlackElo "2229"]

1.d4 d5 2.c4 c6 3.Nf3 Nf6 4.e3 e6 5.Nc3 Be7 6.Bd3 O-O 7.O-O Nbd7 8.b3 b6
9.Bb2 Bb7 10.Qe2 Re8 11.Rfd1 Rc8 12.e4 Nf8 13.e5 N6d7 14.Rac1 f5 15.cxd5 cxd5
16.Nb5 a6 17.Rxc8 Bxc8 18.Na7 Nb8 19.Nxc8 Qxc8 20.Rc1 Qb7 21.Qc2 Rd8 22.Qc7 Rd7
23.Qxb7 Rxb7 24.Rc8 Kf7 25.Ne1 Nfd7 26.Nc2 b5 27.Ne1 Nb6 28.Rc2 h6 29.Be2 b4
30.Nd3 a5 31.g4 g5 32.f4 a4 33.Bc1 axb3 34.axb3 Ra7 35.fxg5 hxg5 36.h4 gxh4
37.Nf4 Bg5 38.gxf5 exf5 39.Bh5+ Kg7 40.Ne6+ Kh6 41.Bxg5+ Kxh5 42.Rg2 Ra1+
43.Kh2 Kg6 44.Bd8+ Kf7 45.Rg7+  1-0

[Event "TCh-Eur Seniors"]
[Site "Dresden GER"]
[Date "2010.02.10"]
[Round "1"]
[White "Schneider,Mil"]
[Black "Wheeler,Jo"]
[Result "1/2-1/2"]
[WhiteElo "1995"]
[BlackElo "2129"]

1.d4 d5 2.c4 e6 3.Nc3 Nf6 4.Nf3 c6 5.e3 Nbd7 6.Bd3 Bd6 7.Qc2 O-O 8.O-O dxc4
9.Bxc4 e5 10.dxe5 Nxe5 11.Nxe5 Bxe5 12.Be2 Qe7 13.Bd2 g6 14.f3 Be6 15.a3 Rad8
16.Rad1 Bf5 17.e4 Bc8 18.Be3 Bb8 19.Rxd8 Rxd8 20.Rd1 Re8 21.Bc4 Nh5 22.Qf2 b6
23.g3 Ng7 24.Qd2 Ne6 25.Be2 Bc7 26.f4 Nc5 27.Bxc5 Qxc5+ 28.Kg2 b5 29.Qd4 Qxd4
30.Rxd4 Kf8 31.Rd2 Ke7 32.Bf3 Rd8 33.Rxd8 Bxd8 34.e5 Kd7 35.Ne4 Kc7 36.Kf1 Be6
37.Ke2 h6 38.Kd3 Bd5 39.Nd2 Bxf3 40.Nxf3 Kd7 41.g4 Bb6 42.Nd4 a6 43.b4 c5
44.bxc5 Bxc5 45.Nc2 Kc6 46.Ke4 a5 47.f5 b4 48.axb4 axb4 49.Nd4+ Bxd4 50.Kxd4 b3
51.e6 fxe6 52.fxg6 b2 53.g7 b1=Q 54.g8=Q Qb2+  1/2-1/2

[Event "FSGM February"]
[Site "Budapest HUN"]
[Date "2010.02.11"]
[Round "6"]
[White "Quinn,M"]
[Black "Rapport,R"]
[Result "0-1"]
[WhiteElo "2401"]
[BlackElo "2444"]

1.d4 d5 2.c4 c6 3.Nf3 Nf6 4.e3 e6 5.Nc3 Nbd7 6.a3 Bd6 7.Qc2 O-O 8.Bd2 b6
9.e4 c5 10.O-O-O cxd4 11.Nxd4 dxc4 12.Bxc4 a6 13.f4 Qc7 14.Ncb5 axb5 15.Nxb5 Qc6
16.Nxd6 Qxd6 17.e5 Qd4 18.exf6 Bb7 19.Qd3 Qxd3 20.Bxd3 Nxf6 21.Rhg1 Rac8+
22.Kb1 Rfd8 23.Bc2 Ng4 24.Bc3 Ne3 25.Rxd8+ Rxd8 26.g3 h5 27.Re1 Nxc2 28.Kxc2 Bd5
29.Re3 f6 30.Bd4 b5 31.Bb6 Rb8 32.Ba5 Kf7 33.Rc3 Kg6 34.Rc7 Ra8 35.Bb4 Rd8
36.Be7 Be4+ 37.Kc1 Rh8 38.Kd2 h4 39.g4 Bf3 40.g5 Bd5 41.Ke3 Kf5 42.Rc5 Re8
43.Rc7 Rh8 44.Rc5 Rb8 45.gxf6 gxf6 46.Bd6 Rd8 47.Bc7 Rg8 48.Rxb5 Rg2 49.a4 Rxh2
50.Rb8 h3  0-1

[Event "TCh-Eur Seniors"]
[Site "Dresden GER"]
[Date "2010.02.11"]
[Round "2"]
[White "Stepak,Y"]
[Black "Kahn,P"]
[Result "1/2-1/2"]
[WhiteElo "2236"]
[BlackElo "2075"]

1.d4 d5 2.Nf3 Nf6 3.e3 e6 4.c4 c6 5.Nc3 Nbd7 6.Qc2 Be7 7.g4 dxc4 8.Bxc4 b5
9.Bd3 a6 10.g5 Nd5 11.Nxd5 cxd5 12.e4 Bb7 13.e5 Rc8 14.Qe2 Nb6 15.h4 Nc4
16.Kf1 Qb6 17.Kg2 Kd7 18.b3 Na5 19.Bb2 f5 20.Rac1 Rxc1 21.Rxc1 Rc8 22.Rxc8 Bxc8
23.Ne1 Qd8 24.Nc2 Nc6 25.Qh5 Qg8 26.f4 Nb4 27.Nxb4 Bxb4 28.Qe2 Kc7 29.a3 Be7
30.a4 bxa4 31.bxa4 Kb6 32.Bc3 Qe8 33.Qb2+ Ka7 34.Bb4 Qf8 35.Ba5 Bd8  1/2-1/2

[Event "TCh-Eur Seniors"]
[Site "Dresden GER"]
[Date "2010.02.11"]
[Round "2"]
[White "Schaefer,Ha"]
[Black "Andreas,G"]
[Result "1/2-1/2"]
[WhiteElo "1933"]
[BlackElo "1990"]

1.d4 d5 2.c4 c6 3.Nf3 Nf6 4.Nc3 e6 5.e3 Be7 6.Bd3 dxc4 7.Bxc4 b5 8.Bd3 O-O
9.Qc2 Na6 10.a3 Bb7 11.O-O Rc8 12.b4 Nb8 13.Bb2 a5 14.Qb3 Na6 15.bxa5 Qxa5
16.Rfc1 Rfd8 17.Ne2 Rb8 18.Bc3 Qb6 19.Qc2 h6 20.Qd2 b4 21.axb4 Nxb4 22.Rab1 Nfd5
23.Ne5 c5 24.dxc5  1/2-1/2

[Event "9th Aeroflot Open A"]
[Site "Moscow RUS"]
[Date "2010.02.11"]
[Round "3"]
[White "Pashikian,A"]
[Black "Grigoriants,S RUS"]
[Result "1/2-1/2"]
[WhiteElo "2647"]
[BlackElo "2560"]

1.d4 d5 2.c4 c6 3.Nc3 Nf6 4.e3 e6 5.Nf3 Nbd7 6.Qc2 Bd6 7.Bd3 O-O 8.O-O dxc4
9.Bxc4 a6 10.Rd1 b5 11.Bd3 Qc7 12.a4 Bb7 13.e4 e5 14.dxe5 Nxe5 15.Nxe5 Bxe5
16.h3 Rad8 17.Be3 Rd7 18.Rd2 Rfd8 19.Rad1 h6  1/2-1/2

[Event "9th Aeroflot Open A"]
[Site "Moscow RUS"]
[Date "2010.02.11"]
[Round "3"]
[White "Javakhishvili,L"]
[Black "Maletin,P"]
[Result "1/2-1/2"]
[WhiteElo "2493"]
[BlackElo "2591"]

1.d4 Nf6 2.c4 e6 3.Nf3 d5 4.Nc3 c6 5.e3 Nbd7 6.Bd3 dxc4 7.Bxc4 b5 8.Bd3 Bd6
9.O-O O-O 10.a3 Bb7 11.Ng5 a5 12.f4 h6 13.Nge4 Be7 14.Qc2 Rc8 15.Nxf6+ Nxf6
16.Qe2 b4 17.axb4 axb4 18.Na4 c5 19.dxc5 Bxc5 20.Nxc5 Rxc5 21.e4 Nxe4 22.Be3 Rc8
23.Ra4 Qd6 24.Ra7 Rfd8 25.Rd1 Qb8 26.Ra4 Qd6 27.Ra7 Qb8 28.Ra4 Bd5 29.Qe1 Nc5
30.Rxb4 Nxd3 31.Rxd3 Qd6 32.Rbd4 Rc2 33.Rd2 Rxd2 34.Rxd2 Qb4 35.Qg3 Rc8 36.h3 Qb3  1/2-1/2

[Event "9th Aeroflot Open A"]
[Site "Moscow RUS"]
[Date "2010.02.11"]
[Round "3"]
[White "Moiseenko,A1"]
[Black "Potkin,V"]
[Result "1/2-1/2"]
[WhiteElo "2677"]
[BlackElo "2611"]

1.d4 d5 2.c4 c6 3.Nc3 Nf6 4.Nf3 e6 5.e3 Nbd7 6.Bd3 dxc4 7.Bxc4 b5 8.Bd3 Bd6
9.O-O O-O 10.b3 Bb7 11.Bb2 b4 12.Ne4 Nxe4 13.Bxe4 Nf6 14.Bd3 c5 15.dxc5 Bxc5
16.Qe2 Qe7 17.Rac1 Rac8 18.Ba6 Ne4 19.Bxb7 Qxb7 20.Rc4 Be7 21.Rfc1 Bf6 22.Bxf6 gxf6
23.Nd4 Rxc4 24.Rxc4 Rc8 25.h3 f5 26.Qd3 Qa6 27.Nc6 Rxc6 28.Qd8+ Kg7 29.Rxe4 fxe4  1/2-1/2

[Event "FSGM February"]
[Site "Budapest HUN"]
[Date "2010.02.12"]
[Round "7"]
[White "Farago,I"]
[Black "Varga,Zo"]
[Result "1/2-1/2"]
[WhiteElo "2512"]
[BlackElo "2485"]

1.c4 Nf6 2.d4 e6 3.Nf3 d5 4.Nc3 c6 5.e3 Nbd7 6.Bd3 dxc4 7.Bxc4 b5 8.Bd3 Bd6
9.O-O O-O 10.Qc2 Bb7 11.h3 Rc8 12.Ng5 h6 13.Nge4 Be7 14.Nxf6+ Nxf6 15.Rd1 Qb6
16.a4 a6 17.Qe2 Rfd8 18.Bd2 Nd7 19.Be1 b4 20.a5 Qa7 21.Na4 Qa8 22.e4 c5 23.dxc5 Bxc5
24.Rac1 Be7  1/2-1/2

[Event "TCh-Eur Seniors"]
[Site "Dresden GER"]
[Date "2010.02.12"]
[Round "3"]
[White "Goy,U"]
[Black "Meier,Wolfgang1"]
[Result "1/2-1/2"]
[WhiteElo "2232"]
[BlackElo "2199"]

1.d4 d5 2.c4 c6 3.Nf3 Nf6 4.Nc3 e6 5.e3 Bd6 6.Bd3 Nbd7 7.O-O O-O 8.Qe2 Re8
9.Rd1 a6 10.e4 dxe4 11.Nxe4 Nxe4 12.Qxe4 Nf8 13.Bg5 Be7 14.h4 f6 15.Bd2 f5
16.Qe2 Bxh4 17.Nxh4 Qxh4 18.Bxf5 e5 19.Bxc8 Raxc8 20.d5 cxd5 21.cxd5 Qc4
22.Qf3 Qb5 23.Bc3 Qd7 24.Rd2 Rc4 25.Re1 Rf4 26.Qe3 Ng6 27.d6 Rf7 28.Qe4 Re6
29.Red1 h5 30.Qd3 h4 31.Qh3 Nf4 32.Qxh4 Rh6 33.Qg3 Rg6 34.Qh2 Rxg2+ 35.Qxg2 Nxg2
36.Kxg2 Qg4+ 37.Kf1 Qh3+ 38.Ke2 Qf3+ 39.Ke1 Qh1+  1/2-1/2

[Event "TCh-Eur Seniors"]
[Site "Dresden GER"]
[Date "2010.02.12"]
[Round "3"]
[White "Ohrn,S"]
[Black "Kahn,P"]
[Result "1/2-1/2"]
[WhiteElo "1991"]
[BlackElo "2075"]

1.d4 d5 2.c4 c6 3.Nf3 Nf6 4.Nc3 e6 5.e3 Nbd7 6.Bd3 dxc4 7.Bxc4 b5 8.Bd3 a6
9.e4 Bb7 10.Qe2 c5 11.Bc2 cxd4 12.Nxd4 Bc5 13.Nb3 Bb4 14.Bd2 Qc7 15.a3 Bd6
16.Rd1 O-O 17.h3 Nb6 18.Na5 Bc8 19.O-O Nbd7 20.Nb3 Bb7 21.f4 e5 22.f5 b4
23.axb4 Bxb4 24.Kh2 a5 25.Bd3 Nc5 26.Nb5 Qe7 27.Nxc5 Bxc5 28.Ra1 Bb6 29.Bc3 Nd7
30.Na3 Bd4 31.Nb5 Bb6  1/2-1/2

[Event "TCh-Eur Seniors"]
[Site "Dresden GER"]
[Date "2010.02.13"]
[Round "4"]
[White "Fitzke,U"]
[Black "Mewes,H"]
[Result "1/2-1/2"]
[WhiteElo "2003"]
[BlackElo "1924"]

1.d4 Nf6 2.c4 e6 3.Nc3 d5 4.e3 c6 5.Nf3 Be7 6.Bd3 dxc4 7.Bxc4 b5 8.Be2 Bb7
9.O-O a6 10.b3 O-O 11.Bb2 c5 12.Rc1 Nbd7 13.Qc2 b4 14.Na4 Be4 15.Qd2 Qa5
16.Rfd1 Rfd8 17.Qe1 Bc6 18.Nxc5 Nxc5 19.dxc5 Bxc5 20.a4 Bd5 21.Bc4 Bxc4 22.Rxc4 Rxd1
23.Qxd1 Be7 24.Nd4 Rd8 25.Qc2 Qd5 26.Rc8 Qd7 27.Rxd8+ Bxd8 28.Nc6 Nd5 29.e4 Nc3
30.Nxd8 Qxd8 31.Bxc3 bxc3 32.Kf1 Qd4 33.Ke2 e5 34.Qd3 Kf8 35.g4 f6 36.f4  1/2-1/2

[Event "9th Aeroflot Open A"]
[Site "Moscow RUS"]
[Date "2010.02.13"]
[Round "5"]
[White "Grachev,B"]
[Black "Sjugirov,S"]
[Result "1-0"]
[WhiteElo "2653"]
[BlackElo "2610"]

1.d4 d5 2.c4 c6 3.e3 Nf6 4.Nc3 e6 5.Nf3 Nbd7 6.Qc2 Bd6 7.Bd3 dxc4 8.Bxc4 a6
9.a4 O-O 10.O-O c5 11.Rd1 cxd4 12.exd4 Qc7 13.Qe2 e5 14.h3 exd4 15.Nxd4 Be5
16.Be3 Bf4 17.Nd5 Nxd5 18.Bxd5 Bxe3 19.Qxe3 Nf6 20.Bf3 Bd7 21.Rdc1 Qd6 22.Nb3 Rae8
23.Qd4 Qxd4 24.Nxd4 b6 25.b4 h6 26.a5 bxa5 27.bxa5 Rc8 28.Nc6 Bxc6 29.Bxc6 Rc7
30.Bf3 Rfc8 31.Rcb1 Re8 32.Rb6 Ra7 33.Bc6 Re6 34.f4 g5 35.f5 Rd6 36.Bb5 Ne4
37.Be2 Rd2 38.Rxa6 Rad7 39.Bf3 Nc5 40.Rxh6 Nb3 41.Ra3 Nd4 42.a6 Nxf3+ 43.Rxf3 Ra2
44.Rg3 Kg7 45.Rb6 f6 46.h4 Ra7 47.hxg5 R2xa6 48.gxf6+ Kf8 49.Rxa6 Rxa6 50.Rg6 Ra5
51.g4 Ra2 52.Rg7 Rb2 53.g5  1-0

[Event "US Amateur Team-ch East"]
[Site "Parsippany USA"]
[Date "2010.02.13"]
[Round "2"]
[White "Leverett,B"]
[Black "Larkins,L"]
[Result "1-0"]
[WhiteElo "2287"]
[BlackElo "2179"]

1.Nf3 d5 2.d4 Nf6 3.c4 c6 4.Nc3 e6 5.e3 Nbd7 6.Bd3 dxc4 7.Bxc4 b5 8.Bd3 Bb7
9.a3 a6 10.b4 a5 11.Bb1 axb4 12.axb4 Nd5 13.Nxd5 exd5 14.O-O Bd6 15.e4 dxe4
16.Bxe4 Nf6 17.Bc2 h6 18.Re1+ Kf8 19.Bd2 g6 20.Ne5 Kg7 21.Qf3 Qc7 22.Qd3 g5
23.Bb3 Raf8 24.Rac1 Rh7 25.h3 Kh8 26.Nxc6 Bxc6 27.d5 Bh2+ 28.Kf1 Rd8  1-0

[Event "TCh-Eur Seniors"]
[Site "Dresden GER"]
[Date "2010.02.14"]
[Round "5"]
[White "Neudel,B"]
[Black "Saharinen,P"]
[Result "1-0"]
[WhiteElo "1937"]
[BlackElo "1857"]

1.c4 Nf6 2.Nc3 e6 3.d4 d5 4.Nf3 c6 5.e3 Nbd7 6.Be2 dxc4 7.Bxc4 b5 8.Bd3 Bb7
9.a3 Bd6 10.O-O O-O 11.b4 a6 12.Bb2 Qe7 13.e4 e5 14.Qe2 Rfe8 15.Rfe1 exd4
16.Nxd4 Ne5 17.Nf5 Qf8 18.Nxd6 Qxd6 19.Rad1 Qe7 20.f3 Nxd3 21.Rxd3 c5 22.bxc5 Qxc5+
23.Kh1 Nh5 24.Qd2 h6 25.Nd5 Bxd5 26.Rxd5 Qf8 27.Rxh5 Rec8 28.Rd5 Rc4 29.Rc1 Rac8
30.Rxc4 bxc4 31.Qc3 f6 32.h3 Qf7 33.Qd4 Rc7 34.Bc3 Kh7 35.a4 Qe8 36.a5 Qb8
37.e5 Rb7 38.f4 fxe5 39.Qxe5 Qf8 40.Qe4+ Kh8 41.Qxc4 Kh7 42.Qd3+ g6 43.Rd7+ Rxd7
44.Qxd7+ Kg8 45.Qe6+ Kh7 46.Qf6 Qxf6 47.Bxf6 Kg8 48.g4 Kf7 49.Bc3 Ke6 50.Kg2 h5
51.g5 Kd5 52.Kf3 Kc4 53.Be1 Kd5 54.Ke3 Kd6 55.Kd4 Ke6 56.Bb4 Kf7 57.Ke5 Kg7
58.Ke6  1-0

[Event "TCh-Eur Seniors"]
[Site "Dresden GER"]
[Date "2010.02.14"]
[Round "5"]
[White "Mewes,H"]
[Black "Doetzel,Hartwig"]
[Result "1/2-1/2"]
[WhiteElo "1924"]
[BlackElo "1845"]

1.d4 d5 2.c4 e6 3.Nc3 c6 4.e3 Nf6 5.Nf3 Nbd7 6.Bd3 Bd6 7.O-O dxc4 8.Bxc4 O-O
9.e4 e5 10.Bg5 Qe7 11.d5 Nb6 12.Bb3 cxd5 13.Nxd5 Nbxd5 14.Bxd5 Rb8 15.Nd2 h6
16.Bxf6 Qxf6 17.Nc4 Bc5 18.Qd2 Be6 19.Ne3 Rfd8 20.Qe2 Bxe3 21.Qxe3 Bxd5 22.exd5 b6
23.Rad1 Qd6 24.Rfe1 Re8 25.Qe4 Rbc8 26.Rc1 Rxc1 27.Rxc1 Rd8 28.Rd1 g6 29.g4 Kg7
30.Kg2 Rd7 31.Rd3 Rd8 32.a3 Rd7 33.Kf1 Rd8 34.Kg2  1/2-1/2

[Event "TCh-Eur Seniors"]
[Site "Dresden GER"]
[Date "2010.02.14"]
[Round "5"]
[White "Stull,N"]
[Black "Goldberg,V"]
[Result "1/2-1/2"]
[WhiteElo "2172"]
[BlackElo "2141"]

1.d4 d5 2.c4 e6 3.Nc3 Nf6 4.Nf3 c6 5.e3 Nbd7 6.Bd3 dxc4 7.Bxc4 b5 8.Bd3 a6
9.e4 c5 10.e5 cxd4 11.Nxb5 Nxe5 12.Nxe5 axb5 13.Bxb5+ Bd7 14.Nxd7 Qa5+ 15.Bd2 Qxb5
16.Nxf8 Kxf8 17.a4 Qxb2 18.O-O Ne4 19.Qf3 f5 20.Bf4 Kf7 21.Rab1 Qc3 22.Qh5+ Kg8
23.Rb7 g6 24.Qh4 d3 25.Bh6 Re8 26.Rg7+ Qxg7 27.Bxg7 Kxg7 28.f3 g5 29.Qh5 Nf6
30.Qxg5+ Kf7 31.Rd1 Ra8 32.Rxd3 Rxa4 33.h3 h5 34.Rb3 Ra7 35.Qe3 Re7 36.Ra3 Rd8
37.Ra6 Rg8 38.Ra4 Rd7 39.Ra6 Re7 40.Ra7 Re8 41.Rxe7+ Rxe7 42.Qf4 Nd5 43.Qe5 Nf6
44.Kf1 Re8 45.Qc7+ Kg6 46.Qg3+ Kf7 47.Qc7+ Kg6 48.Qc6 Kf7 49.Qc4 Rg8 50.Qc7+ Kg6
51.Qg3+ Kf7 52.Qc7+  1/2-1/2

[Event "TCh-Eur Seniors"]
[Site "Dresden GER"]
[Date "2010.02.14"]
[Round "5"]
[White "Bachmann,KH"]
[Black "Ulrichsen,J"]
[Result "1/2-1/2"]
[WhiteElo "2301"]
[BlackElo "2221"]

1.c4 Nf6 2.Nf3 e6 3.d4 d5 4.Nc3 c6 5.e3 Nbd7 6.Qc2 Bd6 7.b3 O-O 8.Be2 dxc4
9.bxc4 e5 10.O-O Re8 11.Bb2 e4 12.Nd2 Qe7 13.Rae1 Nf8 14.f3 exf3 15.Bxf3 Ng4
16.Bxg4 Bxg4 17.e4 Rad8 18.e5 Bc7 19.Nce4 Ne6 20.Nb3 Bh5 21.Qc1 Bg6 22.Ba3 Qh4
23.Qe3 Qxe4 24.Qxe4 Bxe4 25.Rxe4 Rd7 26.Bb2 Red8 27.a4 a6 28.Rc1 Bb6 29.c5 Bc7
30.a5 Ng5 31.Rg4  1/2-1/2

[Event "Open"]
[Site "Novy Bor CZE"]
[Date "2010.02.14"]
[Round "2"]
[White "Ter Karapetian,Al"]
[Black "Kostlan,J"]
[Result "1-0"]
[WhiteElo "2178"]
[BlackElo "1939"]

1.Nf3 d5 2.d4 Nf6 3.c4 e6 4.Nc3 c6 5.e3 Nbd7 6.Bd3 Bd6 7.O-O O-O 8.e4 dxe4
9.Nxe4 Nxe4 10.Bxe4 Nf6 11.Bc2 h6 12.b3 Qc7 13.Bb2 b6 14.Re1 Bb7 15.Qd3 Rad8
16.d5 e5 17.Nxe5 cxd5 18.Ng4 Bxh2+ 19.Nxh2 dxc4 20.Qxc4 Qxc4 21.bxc4 Rd2
22.Rac1 Nh5 23.Nf1 Rd7 24.Bf5 Rc7 25.Be5 Rc5 26.g4 Re8 27.Bd6 Rxe1 28.Rxe1 Rxf5
29.gxf5 Nf6 30.Re7 Ba6 31.Ne3  1-0

[Event "US Amateur Team-ch East"]
[Site "Parsippany USA"]
[Date "2010.02.14"]
[Round "3"]
[White "Yeliseyev,I"]
[Black "Parry,M"]
[Result "0-1"]
[WhiteElo "2140"]
[BlackElo "2219"]

1.c4 e6 2.Nc3 d5 3.d4 c6 4.Nf3 Nf6 5.e3 Nbd7 6.Qc2 Bd6 7.a3 O-O 8.Bd2 Re8
9.h3 e5 10.cxd5 cxd5 11.dxe5 Nxe5 12.Nd4 a6 13.Be2 b5 14.O-O Bb7 15.Rad1 Rc8
16.Qb3 Bb8 17.a4 Qd6 18.f4 Nc4 19.axb5 Nxd2 20.Rxd2 Rxe3 21.bxa6 Bxa6 22.Bxa6 Qxa6
23.Nf5 Ba7 24.Nxe3 Bxe3+ 25.Rff2 Qa7 26.Nxd5 Bxd2 27.Nxf6+ gxf6 28.Qf3 Rc4
29.Qe2 Be3 30.Qxc4 Bxf2+ 31.Kh2 Qe3 32.Qc8+ Kg7 33.Qg4+ Kh6 34.h4 Qe1 35.Kh3 Qh1+  0-1

[Event "TCh-Eur Seniors"]
[Site "Dresden GER"]
[Date "2010.02.15"]
[Round "6"]
[White "Neese,H"]
[Black "Kwatschewsky,L"]
[Result "1/2-1/2"]
[WhiteElo "2246"]
[BlackElo "2233"]

1.d4 Nf6 2.c4 e6 3.Nc3 d5 4.Nf3 c6 5.e3 Nbd7 6.Qc2 Bd6 7.b3 b6 8.Bb2 Bb7
9.Be2 Qe7 10.O-O O-O 11.cxd5 Nxd5 12.Nxd5 cxd5 13.Bd3 Rac8 14.Qe2 Rc7 15.Rac1 Rfc8
16.Rxc7 Rxc7 17.Rc1 Qd8  1/2-1/2